E-research Methodology, (vol.1) (Record no. 39132)

MARC details
000 -LEADER
fixed length control field 00496nam a2200193Ia 4500
008 - FIXED-LENGTH DATA ELEMENTS--GENERAL INFORMATION
fixed length control field 220531s9999 xx 000 0 und d
041 ## - LANGUAGE CODE
Language code of text/sound track or separate title eng
082 ## - DEWEY DECIMAL CLASSIFICATION NUMBER
Item number PRA
100 ## - MAIN ENTRY--PERSONAL NAME
Personal name Prabhakaran, K.
9 (RLIN) 69801
245 ## - TITLE STATEMENT
Title E-research Methodology, (vol.1)
250 ## - EDITION STATEMENT
Edition statement 1ST
260 ## - PUBLICATION, DISTRIBUTION, ETC. (IMPRINT)
Place of publication, distribution, etc. Jaipur
Name of publisher, distributor, etc. Mark Publishers
Date of publication, distribution, etc. 2014
300 ## - PHYSICAL DESCRIPTION
Extent 282
542 ## - INFORMATION RELATING TO COPYRIGHT STATUS
Copyright holder 17-04-2015
551 ## -
-- Economics
-- Non-grant-E
650 ## - SUBJECT ADDED ENTRY--TOPICAL TERM
Topical term or geographic name as entry element Research Methodology
9 (RLIN) 69802
906 ## - LOCAL DATA ELEMENT F, LDF (RLIN)
d 2015-2016
f 8122
Holdings
Withdrawn status Lost status Source of classification or shelving scheme Damaged status Not for loan Collection code Home library Current library Date acquired Vendor Cost, normal purchase price Total Checkouts Total Holds Full call number Barcode Date last seen Bill Date Koha item type Original Barcode
    Dewey Decimal Classification       Shri Siddhivinayak Mahila Mahavidyalaya Shri Siddhivinayak Mahila Mahavidyalaya 18/05/2015 Sagar 1250.00   2 /PRA/B/20600 SSMM-BK-20600 06/08/2022 06/08/2022 Books 010020600